000 00276nam a2200121Ia 4500
008 231106s2015 xx 000 0 und d
041 _aeng
082 _a751.42
100 _aGLYN MACEY
245 _aHEGARTY ON ADVERTISING
260 _bSEARCH PRESS
_c2015
300 _aP-144
999 _c920113
_d920113